| Tag |
First Indicator |
Second Indicator |
Subfields |
| LEADER |
00000pam a2200000 a 4500 |
| 001 |
in00000085585 |
| 005 |
20151008061542.0 |
| 008 |
811120s1981 nyuab b 10100 eng |
| 010 |
|
|
|a 81020529
|
| 020 |
|
|
|a 0123852803
|
| 035 |
|
|
|a (OCoLC)07998967
|
| 035 |
|
|
|9 AAJ8307AM
|
| 039 |
0 |
|
|a 2
|b 3
|c 3
|d 3
|e 3
|
| 040 |
|
|
|a DLC
|c DLC
|d TXA
|d UtOrBLW
|
| 049 |
|
|
|a TXAM
|c [1443158]
|
| 050 |
0 |
0 |
|a SK352
|b .M36 1980
|
| 082 |
0 |
|
|a 639.9/79
|2 19
|
| 111 |
2 |
|
|a Management of Locally Abundant Wild Mammals: a Workshop to Examine the Need for and Alternatives to the Culling of Wild Animals
|d (1980 :
|c Yarmouth Port, Mass.)
|
| 245 |
1 |
0 |
|a Problems in management of locally abundant wild mammals /
|c edited by Peter A. Jewell, Sidney Holt ; associate editor, Donna Hart.
|
| 264 |
|
1 |
|a New York :
|b Academic Press,
|c 1981.
|
| 300 |
|
|
|a xiv, 361 pages :
|b illustrations, maps ;
|c 24 cm.
|
| 336 |
|
|
|a text
|b txt
|2 rdacontent
|
| 337 |
|
|
|a unmediated
|b n
|2 rdamedia
|
| 338 |
|
|
|a volume
|b nc
|2 rdacarrier
|
| 500 |
|
|
|a "Proceedings of the Management of Locally Abundant Wild Mammals: a Workshop to Examine the Need for and Alternatives to the Culling of Wild Animals, sponsored by the International Fund for Animal Welfare in Yarmouth Port, Massachusetts, September 29-October 3, 1980."
|
| 504 |
|
|
|a Includes bibliographies and index.
|
| 650 |
|
0 |
|a Wildlife management
|v Congresses.
|
| 650 |
|
0 |
|a Mammal populations
|x Congresses.
|
| 700 |
1 |
|
|a Jewell, Peter Arundel.
|
| 700 |
1 |
|
|a Holt, Sidney Joseph,
|d 1926-
|
| 700 |
1 |
|
|a Hart, Donna.
|
| 710 |
2 |
|
|a International Fund for Animal Welfare.
|
| 999 |
|
|
|a MARS
|
| 999 |
f |
f |
|s c9940fa3-19bc-3ac5-8d08-e2b92841fa58
|i 671b8e16-1cfb-3e22-8444-55ef2ab8246b
|t 0
|
| 952 |
f |
f |
|p ric
|a Texas A&M University
|b Rellis Campus
|c Joint Library Facility
|d Remote Storage
|t 0
|e SK352 .M36 1980
|h Library of Congress classification
|i unmediated -- volume
|m A14806239777
|
| 998 |
f |
f |
|a SK352 .M36 1980
|t 0
|l Remote Storage
|